000 00427nam a2200157 i 4500
001 63349
003 ES-MaACL
005 20230906164833.0
007 t|
008 031209s1979 sp ||||1| spa d
100 1 _aFerrater Mora, José.
_950338
245 1 0 _aDe la materia a la razón /
_cJosé Ferrater Mora.
260 _a[Madrid] :
_bAlianza,
_c[1979]
300 _a217 p. ;
_c20 cm.
852 _aES-MaACL
_jA-9622
_bR.98743
999 _c63349
_d63349